000
00307nam a22001337a 4500
008
170807b xxu||||| |||| 00| 0 eng d
020
_a
9780632044528
041
_a
eng
080
_a
004
100
_a
34
101
_a
SHK
245
_a
DISCOVERY WINDOWS ON THE LIFE SCIENCES
_c
LEWIS,R.A
942
_2
udc
_c
BK
999
_c
22815
_d
22815